KOHA-Header-6

Linear Algebra And its Application (Record no. 6802)

000 -LEADER
fixed length control field 00265nam a2200109Ia 4500
100 ## - MAIN ENTRY--AUTHOR NAME
Personal name Lay,David C.
245 #0 - TITLE STATEMENT
Title Linear Algebra And its Application
260 ## - PUBLICATION, DISTRIBUTION, ETC. (IMPRINT)
Place of publication USA
Name of publisher Mc Graw Hill
Year of publication 1994
300 ## - PHYSICAL DESCRIPTION
Number of Pages 443
942 ## - ADDED ENTRY ELEMENTS (KOHA)
Koha item type Books
Holdings
Withdrawn status Lost status Collection code Permanent Location Current Location Shelving location Date acquired Full call number Accession Number Koha item type
    Mathematics MAJU MAJU Shelf No.A26 2019-09-11 004.33 272 Mathematics

Powered by Koha